Favorite Poems Old and New (Record no. 906)

MARC details
000 -LEADER
fixed length control field 00297nam a2200109 4500
008 - FIXED-LENGTH DATA ELEMENTS--GENERAL INFORMATION
fixed length control field 160625b xxu||||| |||| 00| 0 eng d
100 ## - MAIN ENTRY--PERSONAL NAME
9 (RLIN) 1122
Personal name Ferris, H
245 ## - TITLE STATEMENT
Title Favorite Poems Old and New
260 ## - PUBLICATION, DISTRIBUTION, ETC. (IMPRINT)
Place of publication, distribution, etc. N.Y
Name of publisher, distributor, etc. Doubleday & Com.Inc.
Date of publication, distribution, etc. 1957
300 ## - PHYSICAL DESCRIPTION
Extent Favorite Poems Old and New
942 ## - ADDED ENTRY ELEMENTS (KOHA)
Source of classification or shelving scheme Dewey Decimal Classification
Koha item type BOOK
Holdings
Withdrawn status Lost status Source of classification or shelving scheme Damaged status Not for loan Home library Current library Shelving location Date acquired Total Checkouts Full call number Barcode Date last seen Date last checked out Price effective from Koha item type
    Dewey Decimal Classification     Good Samaritan School Library Good Samaritan School Library   06/25/2016 1 821 FER1471 07/28/2017 12/02/2016 06/25/2016 BOOK

Powered by Koha